The Gun Club Discography - Statistics

General Stats
  • This quiz has been taken 2 times
  • The average score is 9 of 31
Answer Stats
Type Year Name % Correct
Album 1981 Fire of Love
100%
Live Video 2007 Fire of Love
100%
Album 1993 Lucky Jim
100%
Album 1982 Miami
100%
Album 1987 Mother Juno
100%
Album 1984 The Las Vegas Story
100%
EP 1983 Death Party
50%
Live Album 1987 Death Party
50%
Album 1991 Divinity
50%
Live Album 1985 Love Supreme
50%
Album 1990 Pastoral Hide and Seek
50%
Double Package 1997 Pastoral Hide & Seek/Divinity
50%
Live Album 1992 Ahmed's Wild Dream
0%
Compilation 2007 Da Blood Done Signed My Name
0%
Live Album 1985 Danse Kalinda Boom - Live in Pandora's Box
0%
Live Album 2014 Destroy the Country
0%
Compilation 1997 Early Warning
0%
Compilation 1992 In Exile
0%
Collaborative Compilation EP 1981 Keats Rides a Harley
0%
Live Album 2008 Larger Than Live!
0%
Live Video 1994 Live at the Hacienda
0%
Live Video 2006 Live at the Hacienda 1983/84
0%
Live Album 1993 Live in Europe
0%
Live Album 2014 Moonlight Motel
0%
Compilation 2014 Mother Berlin
0%
Live Video 1995 Preaching the Blues
0%
Collaborative Compilation 1984 Rockabilly Psychosis and the Garage Disease
0%
Live Album 1984 Sex Beat 81
0%
Live Album 1983 The Birth the Death the Ghost
0%
Compilation 2008 The Life and Times of Jeffrey Lee Pierce and the Gun Club
0%
Compilation 1985 Two Sides of the Beast
0%
No matching quizzes found
Score Distribution
Percent of People with Each Score
Percentile by Number Answered
Your Score History
You have not taken this quiz